000
00274nam a2200109 a 4500
005
20201002053129.0
008
180326s2017 000 spa d
020
_a
9789945901696
245
0
_a
Cimientos del despotismo :.
260
_a
Santo Domingo,
_c
2017.
999
_c
46288
_d
46288
040
_a
DO-SdBNP